Personalidades históricas y famosos - Y - Estadísticas

Estadísticas generales
  • Esta prueba ha sido intentada 60 veces
  • La puntuación promedio es 2 de 11
Estadísticas de respuestas
Descripción Respuesta % Correcto
Primer hombre en viajar al espacio exterior. Yuri Gagarin
86%
Único guardameta en ganar el Balón de Oro. Por muchos es considerado el mejor portero de fútbol de la historia. Lev Yashin
57%
Este canadiense es un músico de rock y country muy influyente con canciones como "Heart of Gold", "Old Man" y "Rockin' in the Free World". Neil Young
18%
También conocido como Cat Stevens, es un famoso cantautor británico. Yusuf Islam
18%
Líder nacionalista palestino que luchó contra Israel por la autodeterminación de los palestinos y ganó un Premio Nobel de la Paz en 1994. Yasir Arafat
16%
Fue uno de los mejores soberanos del Imperio inca. Túpac Yupanqui
6%
Economista estadounidense y actual secretaria del Tesoro de los Estados Unidos. Janet Yellen
4%
Esposa de Nanda y madre adoptiva del dios Krisná, según el hinduismo. Yashoda
4%
Fue uno de los gobernantes más expansionistas y exitosos de Tikal. Yik'in Chan K'awiil
4%
Kan de Siberia que se sometió bajo Iván IV el Terrible, primer zar de Rusia. Yediguer
2%
Según la mitología griega, fue una joven que enamoró a Heracles y acabó siendo la causa indirecta de su muerte. Yole
2%
No se encontraron pruebas coincidentes
Distribución de puntuación
Porcentaje de gente con cada puntuación
Porcentaje por número respondido
Historial de tus puntuaciones
No has intentado esta prueba.